Flugziele vom Flughafen Eindhoven(EIN) - Statistiken

Allgemein
  • Dieses Quiz wurde 49 mal gespielt
  • Das Durchschnittsergebnis liegt bei 47 aus 78
Antwortstatistiken
Land Airline Flugziel % Korrekt
Griechenland Aegean,Transavia Athen / ATH
97%
Türkei Pegasus Istanbul / SAW
97%
Vereinigtes Königreich Ryanair London / STN
97%
Polen Wizz Air Warschau / WAW
97%
Irland Ryanair Dublin / DUB
93%
Portugal Ryanair,Transavia Lissabon / LIS
93%
Norwegen Transavia Oslo / OSL
93%
Tschechien Transavia Prag / PRG
93%
Polen Ryanair Warschau / WMI
93%
Österreich Ryanair Wien / VIE
93%
Spanien Ryanair Madrid / MAD
90%
Italien Ryanair,Wizz Air Rom / FCO
90%
Kap Verde Tui Sal / SID
90%
Bulgarien Ryanair,Wizz Air Sofia / SOF
90%
Spanien Ryanair,Transavia Barcelona / BCN
86%
Dänemark Transavia Kopenhagen / CPH
86%
Frankreich Ryanair Marseille / MRS
86%
Portugal Ryanair Porto / OPO
86%
Kroatien Ryanair Zagreb / ZAG
86%
Serbien Wizz Air Belgrad / BEG
83%
Ungarn Wizz Air Budapest / BUD
83%
Nordmazedonien Wizz Air Skopje / SKP
83%
Litauen Ryanair,Wizz Air Vilnius / VNO
83%
Slowakei Ryanair Bratislava / BTS
79%
Rumänien Wizz Air Bukarest / OTP
79%
Polen Wizz Air Danzig / GDN
79%
Vereinigtes Königreich Ryanair Manchester / MAN
79%
Spanien Ryanair,Transavia, Tui Palma de Mallorca / PMI
79%
Österreich Transavia Salzburg / SZG
79%
Albanien Wizz Air Tirana / TIA
79%
Österreich Transavia Innsbruck / INN
76%
Italien Ryanair Mailand-Bergamo / BGY
76%
Türkei Corendon,SunExpress, Transavia, Tui Antalya / AYT
69%
Ägypten Tui Hurghada / HRG
69%
Spanien Ryanair,Transavia Ibiza / IBZ
69%
Polen Ryanair,Wizz Air Krakau / KRK
69%
Spanien Ryanair,Transavia Malaga / AGP
69%
Italien Ryanair Neapel / NAP
69%
Spanien Ryanair,Transavia Valencia / VLC
69%
Italien Ryanair Venedig / VCE
69%
Spanien Transavia,Tui Gran Canaria / LPA
66%
Griechenland Transavia,Tui Rhodos / RHO
62%
Spanien Ryanair,Transavia Sevilla / SVQ
62%
Marokko Ryanair,Transavia Marrakesch / RAK
59%
Griechenland Ryanair Thessaloniki / SKG
59%
Spanien Transavia Bilbao / BIO
52%
Frankreich Transavia Bordeaux / BOD
52%
Portugal Ryanair,Transavia Faro / FAO
52%
Türkei SunExpress Izmir / ADB
52%
Frankreich Transavia Nizza / NCE
52%
Malta Ryanair Malta / MLA
48%
Spanien Ryanair,Transavia, Tui Teneriffa / TFS
48%
Polen Wizz Air Breslau / WRO
45%
Italien Ryanair Catania / CTA
45%
Bulgarien Wizz Air Varna / VAR
45%
Vereinigtes Königreich Ryanair Edinburgh / EDI
41%
Griechenland Transavia,Tui Heraklion / HER
41%
Spanien Transavia Lanzarote / ACE
41%
Spanien Ryanair,Transavia Alicante / ALC
38%
Italien Ryanair,Transavia Bologna / BLQ
38%
Marokko Ryanair Fes / FES
38%
Polen Wizz Air Kattowitz / KTW
38%
Griechenland Transavia,Tui Kos / KGS
38%
Kroatien Ryanair Zadar / ZAD
38%
Marokko Ryanair Tangier / TNG
34%
Ungarn Wizz Air Debrecen / DEB
24%
Italien Ryanair Pisa / PSA
24%
Rumänien Wizz Air Cluj Napoca / CLJ
21%
Kroatien Transavia Rijeka / RJK
21%
Zypern Ryanair Pafos / PFO
17%
Italien Ryanair Brindisi / BDS
14%
Ägypten Tui Sharm-el-Sheikh / SSH
14%
Rumänien Wizz Air Iași / IAS
10%
Marokko Tui Nador / NDR
10%
Bosnien-Herzegowina Wizz Air Tuzla / TZL
10%
Marokko Tui Oujda / OUD
3%
Rumänien Wizz Air Suceava / SCV
3%
Marokko Tui Al Hoceima / AHU
0%
Keine übereinstimmenden Quizze gefunden
Verteilung der Resultate
Anzahl Personen mit jedem Resultat
Perzentil nach korrekt beantworteten Fragen
Ihre Resultats-Entwicklung
Sie haben dieses Quiz noch nicht gespielt